Информационные сводки комиссара Урянхайского края об организации на границе Урянхайского края, красных партизан, переписка с мин...

RUSMARC
00004071cbc2a2200265#x 450
001f0a5cf56-460e-4c3d-9773-a4a6bb5be285
00520240730132549.0
100##$a20190110l19191919k y0rusy50 ca
1010#$arus
102##$aRU
105##$ay z |||e|
2001#$aИнформационные сводки комиссара Урянхайского края об организации на границе Урянхайского края, красных партизан, переписка с министерством иностранных дел о расшифровке телеграмм и др.
$j03 апреля 1919 - 22 июля 1919
215##$a72 листа
251##$cДело
300##$aВ деле имеются телеграммы
300##$aЛисты: 25, 47 - поврежденные
300##$aМашинописный и рукописный текст
324##$aВ деле имеются копии отдельных документов
461#0$10010f0e3429-2e37-4fb4-ace0-6332d350a692
$12001
$aМинистерство внутренних дел Российского правительства. Омск
$1251
$cФонд
$1852
$gР
$j1700
462#0$1001c9fb14fb-9a60-4dc0-bd7d-6b3b0819c0c0
$12001
$aДела канцелярии министра. 1918-1919 гг.
$vД. 76
$1251
$cОпись
$1852
$j1
801#0$aRU
$bGA_RF
801#1$aRU
$bГлавНИВЦ
$c20190110
$2rusmarc
801#2$aRU
$bПБ им. Б.Н. Ельцина
$c20190304
$gRCR
$2rusmarc
852##$aГА РФ
$j76
937##$d126617477
$hПБ
035##$aRuPRLIB51055167
856##$uhttp://readingroom.main.prlib.ru/item.aspx?id_node=n126617477&mode=full
1222#$ad19190403##
$ad19190722##
605##$2acquisition_Prlib
$3LIBNET\UAF\0000064274
$aРеспублика Тыва: страницы истории
$lколлекция
850##$aГосудартвенный архив Российской Федерации
Формат отображения